El orden público (Registro nro. 6836)

Detalles MARC
000 -LEADER
fixed length control field 01111 a2200229 4500
001 - CONTROL NUMBER
control field 59826
005 - DATE AND TIME OF LATEST TRANSACTION
control field 20260407155852.0
008 - FIXED-LENGTH DATA ELEMENTS--GENERAL INFORMATION
fixed length control field 260407a1991 arg spa d
003 - CONTROL NUMBER IDENTIFIER
control field AR-UNSa-BCEJYS
040 ## - CATALOGING SOURCE
Original cataloging agency AR-UNSa-BCEJYS
Language of cataloging spa
Transcribing agency AR-UNSa-BCEJYS
080 ## - UNIVERSAL DECIMAL CLASSIFICATION NUMBER
Universal Decimal Classification number 341.9
Common auxiliary subdivision Derecho Internacional Privado. Conflictos de Leyes
020 ## - INTERNATIONAL STANDARD BOOK NUMBER
International Standard Book Number 950-20-0628-3
041 ## - LANGUAGE CODE
Language code of text/sound track or separate title spa
100 1# - MAIN ENTRY--PERSONAL NAME
Personal name Ruchelli, Humberto Fernando
245 10 - TITLE STATEMENT
Title El orden público
Name of part/section of a work en general en el derecho internacional privado
264 #1 - PRODUCTION, PUBLICATION, DISTRIBUTION, MANUFACTURE, AND COPYRIGHT NOTICE
Place of production, publication, distribution, manufacture Buenos Aires :
Name of producer, publisher, distributor, manufacturer Abeledo Perrot
Date of production, publication, distribution, manufacture, or copyright notice 1991
300 ## - PHYSICAL DESCRIPTION
Extent 86 p.
Dimensions 23 cm.
505 ## - FORMATTED CONTENTS NOTE
Formatted contents note PRIMERA PARTE: 1. La diferenciación del orden público de otras instituciones: la doctrina del interés nacional y el fraude a la Ley - 2. El orden público – 3. Génesis del orden público – SEGUNDA PARTE: 4. La fuente nutricia del orden público. La Constitución Nacional – 5. La naturaleza jurídica del orden público y otros efectos del interés general – 6. Formulación general de la teoría de los autores
590 ## - LOCAL NOTE (RLIN)
Local note niveau_biblio:m niveau_hierar:0
700 1# - ADDED ENTRY--PERSONAL NAME
Personal name Ferrer, Horacio Carlos
942 ## - ADDED ENTRY ELEMENTS (KOHA)
Koha item type
Existencias
Withdrawn status Lost status Damaged status Not for loan Home library Current library Shelving location Date acquired Total checkouts Full call number Barcode Date last seen Price effective from Koha item type
        Biblioteca Prof. Eusebio Cleto del Rey Biblioteca Prof. Eusebio Cleto del Rey   07/04/2026   341.9 R899 L58885 07/04/2026 07/04/2026 Libro